Born in Oulu - Statistics

General Stats
  • This quiz has been taken 11 times
    2 since last reset
  • The average score is 2 of 6
Answer Stats
Hint Answer % Correct
Ice hockey forward who plays for the Dallas Stars 1992 Mikael Granlund
100%
Cross-country skier and three-time Olympic champion 1992 Iivo Niskanen
50%
Ice hockey defenceman who plays for the Boston Bruins 1999 Henri Jokiharju
0%
Former ski jumper, winner of sixteen individual World Cups, four Olympic medals and one of Finland's most succesful ski jumpers 1981 Matti Hautamäki
0%
Norwegian weightlifter and Olympic champion 2024 1998 Solfrid Koanda
0%
Footballer who plays for Servette and the Finnish women's national team (former Bayern, Tottenham and Everton player) 1986 Tinja-Riikka Korpela
0%
No matching quizzes found
Score Distribution
Percent of People with Each Score
Percentile by Number Answered
Your Score History
You have not taken this quiz since the last reset